01449nam a2200385 a 4500001001100000003000800011006001900019007001500038008004100053010001700094015001500111016001900126020001500145020002900160040002100189035002000210050002700230082001500257100002000272245006800292260006200360300001500422490005400437502008200491504005100573533015200624650002800776650001500804650001600819655002900835710001700864830004000881856012500921999001701046ebr5000250CaPaEBRm u cr cn|||||||||020718s2000 ne sb 001 0 eng  z 00022619  aGBA2-481977 a90272509282Uk z9027250928 z1556199244(J. Benjamins) aCaPaEBRcCaPaEBR a(OCoLC)7076468314aP325.5.R44bM38 2000eb04a401.412211 aMatsui, Tomoko.10aBridging and relevanceh[electronic resource] /cTomoko Matsui. aAmsterdam ;a[Great Britain] :bJ. Benjamins Pub,cc2000. axi, 247 p.1 aPragmatics & beyond. New series,x0922-842x ;v76 aOriginally presented as the author's thesis-University College, London, 1995. aIncludes bibliographical references and index. aElectronic reproduction.bPalo Alto, Calif. :cebrary,d2013.nAvailable via World Wide Web.nAccess may be limited to ebrary affiliated libraries. 0aReference (Linguistics) 0aRelevance. 0aPragmatics. 7aElectronic books.2local2 aebrary, Inc. 0aPragmatics & beyond ;vnew ser. 76.40uhttp://site.ebrary.com/lib/rucke/Doc?id=5000250zAn electronic book accessible through the World Wide Web; click to view c17677d17677